000 00362pam a2200157a 44500
008 230515b2014 xxu||||| |||| 00| 0 eng d
020 _aNULL
041 _aENG
082 _a612
100 _aCHAUDHARI S K
245 _aCONCISE MEDICAL PHYSIOLOGY
250 _a2ND
260 _aNULL
_bJAYAPEE BROTHERS
_c2014
300 _a752+ XXIV
650 _aPHYSIOLOGY
999 _c556407
_d556407